| 000 | 00774nam a22002177a 4500 | ||
|---|---|---|---|
| 999 |
_c4546 _d4546 |
||
| 003 | AR-CdUCM | ||
| 008 | 190308b ||||| |||| 00| 0 spa d | ||
| 020 | _a978-612-45984-0-1 | ||
| 040 |
_aMUNICIPALIDAD PROVINCIAL DEL CUSCO _cBIBLIOTECA MUNICIPAL DEL CUSCO |
||
| 082 |
_a265.94 / _bR88 |
||
| 100 |
_aRoza, Augusto de la _914224 |
||
| 245 |
_aExorcismo : _bManual & rituales / |
||
| 260 |
_aCusco : _bAntares Perú Editores, _c2011. |
||
| 300 |
_a138 paginas ; _c21 cm. |
||
| 505 | _aContenido :Exorcismo -- Ritual romano -- La cruz de la salvación -- Los ángeles custodios -- Arcangel Uriel ... | ||
| 650 |
_aExorcismo en la Biblia _914225 |
||
| 650 |
_aGuerra espiritual _914226 |
||
| 650 |
_aPosesión demoníaca _914227 |
||
| 942 |
_2ddc _cLIBROS |
||
| 945 | _arum | ||